[Event "Xtracon Chess Open 2017"]
[Site "Helsingor DEN"]
[Date "2017.07.23"]
[Round "2.75"]
[White "Solberg, Joachim"]
[Black "Justinussen, Sigurd B."]
[Result "1-0"]
[WhiteTitle "CM"]
[WhiteElo "2237"]
[BlackElo "1963"]
[WhiteFideId "1502930"]
[BlackFideId "7200773"]
[EventDate "2017.07.22"]

1. e4 e5 2. Nf3 Nc6 3. d4 exd4 4. Nxd4 Qh4 5. Nb5 Bc5 6. Qe2 Nd4 7. Nxd4 Bxd4 8.
g3 Qe7 9. Nc3 c6 10. Bd2 Nf6 11. Bg2 d6 12. O-O-O Be6 13. Kb1 O-O-O 14. Be1 Bb6
15. Na4 Bc7 16. b3 Rhe8 17. h3 d5 18. e5 Nd7 19. f4 Nb6 20. Nxb6+ Bxb6 21. g4 d4
22. Rf1 Bd5 23. Be4 g6 24. Bg3 Qa3 25. Be1 Bxe4 26. Qxe4 Rd5 27. c4 dxc3 28.
Bxc3 Red8 29. Rxd5 cxd5 30. Qd3 d4 31. Bd2 Ba5 32. Qc4+ Kb8 33. Rc1 a6 34. Bxa5
Qxa5 35. Qxf7 d3 36. Qc4 d2 37. Rd1 Rc8 38. Qd3 Rd8 39. Qe3 Qd5 40. e6 Re8 41.
Rxd2 Rxe6 42. Qd3 Qc5 43. Qd8+ Ka7 44. Qd4 Qxd4 45. Rxd4 Re3 46. f5 gxf5 47.
gxf5 Rxh3 48. Rf4 Re3 49. Kc2 Kb6 50. f6 Re8 51. Kd3 Kc6 52. Rh4 Rf8 53. Rh6 Rf7
54. Ke4 Kd6 55. Kf5 Kd7 56. Rh3 1-0

[Event "Xtracon Chess Open 2017"]
[Site "Helsingor DEN"]
[Date "2017.07.23"]
[Round "2.76"]
[White "Christensen, Thomas2"]
[Black "Hoti, Nimon"]
[Result "1-0"]
[WhiteElo "2229"]
[BlackElo "1953"]
[WhiteFideId "1407635"]
[BlackFideId "1510746"]
[EventDate "2017.07.22"]

1. e4 c6 2. Nf3 d6 3. Bc4 Nf6 4. d3 Bg4 5. h3 Bxf3 6. Qxf3 Nbd7 7. Qg3 e5 8. O-O
Qc7 9. a4 h6 10. h4 a5 11. Na3 Nb6 12. Bb3 Nh5 13. Qf3 Nf6 14. Qe2 Be7 15. f4
Nbd7 16. Nc4 Nc5 17. Ba2 Ne6 18. c3 exf4 19. Bxf4 Nxf4 20. Rxf4 O-O-O 21. Qe3
Kb8 22. Nd2 Rdf8 23. Raf1 Bd8 24. d4 Re8 25. b4 Rhf8 26. Qd3 axb4 27. cxb4 h5
28. Rf5 Qe7 29. b5 c5 30. b6 Qd7 31. a5 Qa4 32. Bc4 Qxa5 33. dxc5 d5 34. Nb3 Qb4
35. Qg3+ Kc8 36. Ra1 Re6 37. exd5 Qxc4 38. Ra8+ Kd7 39. dxe6+ Qxe6 40. Nd4 Qe7
41. Re5 Ne4 1-0

[Event "Xtracon Chess Open 2017"]
[Site "Helsingor DEN"]
[Date "2017.07.23"]
[Round "2.77"]
[White "Fossan, Benjamin"]
[Black "Jacobsen, Per"]
[Result "1-0"]
[WhiteElo "1855"]
[BlackElo "1575"]
[WhiteFideId "1518100"]
[BlackFideId "1413856"]
[EventDate "2017.07.22"]

1. e4 Nf6 2. e5 Nd5 3. c4 Nb6 4. d4 d6 5. exd6 cxd6 6. d5 e6 7. Nc3 Qe7 8. Be2
exd5 9. cxd5 Bg4 10. Be3 Bxe2 11. Ngxe2 N8d7 12. O-O Nc5 13. Ng3 Qd7 14. b4 Nca4
15. Nxa4 Qxa4 16. Qd4 Nd7 17. Qe4+ Kd8 18. Rfe1 Be7 19. Bb6+ Nxb6 20. Qxe7+ Kc8
21. Rac1+ Kb8 22. Qc7# 1-0

[Event "Xtracon Chess Open 2017"]
[Site "Helsingor DEN"]
[Date "2017.07.23"]
[Round "2.78"]
[White "Jacobsen, Fredrik Beer"]
[Black "Sorensen, Bernhard W."]
[Result "1-0"]
[WhiteElo "2081"]
[BlackElo "1686"]
[WhiteFideId "1507044"]
[BlackFideId "1442074"]
[EventDate "2017.07.22"]

1. d4 e6 2. Bf4 f5 3. e3 Nf6 4. Nd2 d5 5. Bd3 c6 6. c3 Bd6 7. Bg3 O-O 8. Ne2 Ne4
9. f3 Nxg3 10. hxg3 e5 11. dxe5 Bxe5 12. Qc2 g6 13. e4 fxe4 14. fxe4 Qd6 15.
O-O-O Bg4 16. exd5 cxd5 17. Nc4 Qc7 18. Ne3 Be6 19. Bxg6 hxg6 20. Qxg6+ Qg7 21.
Qxe6+ Rf7 22. Rxd5 Nc6 23. Qg4 Re8 24. Nf5 Qxg4 25. Nh6+ Kf8 26. Nxg4 Bg7 27.
Nf4 Kg8 28. Rg5 1-0

[Event "Xtracon Chess Open 2017"]
[Site "Helsingor DEN"]
[Date "2017.07.23"]
[Round "2.79"]
[White "Carnstam, Tomas"]
[Black "Jaksland, Tim"]
[Result "0-1"]
[BlackTitle "FM"]
[WhiteElo "1977"]
[BlackElo "2227"]
[WhiteFideId "1707221"]
[BlackFideId "1401084"]
[EventDate "2017.07.22"]

1. c4 e5 2. Nc3 Nf6 3. a3 g6 4. Nf3 d6 5. d4 Nbd7 6. dxe5 dxe5 7. g3 Bg7 8. Bg2
O-O 9. O-O c6 10. e4 Qe7 11. Qc2 Ne8 12. Bg5 f6 13. Bd2 Nc7 14. Rad1 Re8 15. Be3
Nf8 16. c5 Be6 17. Rd6 Nd7 18. Rfd1 Qf7 19. R1d2 Bf8 20. R6d3 Nxc5 21. Bxc5 Bxc5
22. Nd1 Be7 23. Ne3 Red8 24. Rxd8+ Rxd8 25. Bf1 Kg7 26. Bc4 Bxc4 27. Nxc4 Rxd2
28. Ncxd2 Qe6 29. Qb3 Qxb3 30. Nxb3 b6 31. Kf1 Kf7 32. Ke2 Ke6 33. Kd3 Na6 34.
Nfd2 Bd6 35. f3 Bc7 36. a4 Bd6 37. Kc4 Bb4 38. Nf1 Be1 39. g4 Bf2 40. h3 f5 41.
Kd3 Kf6 42. Ke2 Bc5 43. Nc1 Bd4 44. Nd3 fxg4 45. fxg4 Ke6 46. Nd2 Nc7 47. b3 Bc3
48. Nf3 Kf6 49. h4 h5 50. g5+ Ke6 51. Kd1 c5 52. Kc2 Bd4 53. Kd2 Ne8 54. Nc1 Nd6
55. Kd3 a6 56. Ne2 Bf2 57. Nc3 b5 58. axb5 axb5 59. Ke2 b4 60. Nd1 Bd4 61. Kd3
Nb7 62. Nd2 Na5 63. Kc2 Nc6 64. Nf3 Kd6 65. Kd3 Na5 66. Nd2 Kc6 67. Kc2 Kb5 68.
Kd3 Nxb3 69. Nxb3 c4+ 70. Kc2 cxb3+ 71. Kxb3 Kc5 0-1

[Event "Xtracon Chess Open 2017"]
[Site "Helsingor DEN"]
[Date "2017.07.23"]
[Round "2.80"]
[White "Hviid, Hans Henrik"]
[Black "Madison, Sigurd"]
[Result "0-1"]
[WhiteElo "1263"]
[BlackElo "1736"]
[WhiteFideId "1425374"]
[BlackFideId "1711806"]
[EventDate "2017.07.22"]

1. e4 e5 2. Nf3 Nc6 3. Bb5 d6 4. Bxc6+ bxc6 5. O-O Bg4 6. h3 Bh5 7. g4 Bg6 8. d3
Be7 9. g5 Bh5 10. h4 Qd7 11. d4 Qg4+ 12. Kh2 Qxf3 13. Qxf3 Bxf3 14. dxe5 dxe5
15. Nd2 Bh5 16. b3 h6 17. Nc4 Be2 18. Rg1 Bxc4 19. bxc4 hxg5 20. Bxg5 f6 21. Be3
g5 0-1

[Event "Xtracon Chess Open 2017"]
[Site "Helsingor DEN"]
[Date "2017.07.23"]
[Round "2.81"]
[White "Thogersen, Rasmus"]
[Black "Arndt, Uwe"]
[Result "1-0"]
[WhiteElo "2222"]
[BlackElo "1948"]
[WhiteFideId "1431412"]
[BlackFideId "24647713"]
[EventDate "2017.07.22"]

1. e4 c6 2. d4 d5 3. Nc3 dxe4 4. Nxe4 Nd7 5. Bd3 Ngf6 6. Ng5 e6 7. N1f3 Bd6 8.
Qe2 h6 9. Ne4 Nxe4 10. Qxe4 Nf6 11. Qe2 Qc7 12. Bd2 b6 13. c4 Bb7 14. Bc3 Rd8
15. O-O-O O-O 16. Kb1 Rfe8 17. Rhg1 Bxh2 18. Nxh2 Qxh2 19. g3 c5 20. f3 Qxe2 21.
Bxe2 cxd4 22. Bxd4 e5 23. Bc3 Rxd1+ 24. Rxd1 Nh5 25. Be1 Nf6 26. Bc3 Nh5 27. Rg1
Nf6 28. Bd1 Re6 29. b4 Ne8 30. Re1 e4 31. f4 Nd6 32. Bb3 Rg6 33. Rd1 e3 34. Be1
Be4+ 35. Kb2 Nf5 36. Rd8+ Kh7 37. c5 bxc5 38. Bxf7 Rd6 39. Bg8+ Kg6 40. Rxd6+
Nxd6 41. bxc5 Nb7 42. Kc3 Nxc5 43. Kd4 Nd7 44. Kxe3 Nf6 45. Be6 Bf5 46. Bb3 Kh5
47. Kd4 Kg4 48. Bd1+ Kh3 49. a4 Kg2 50. a5 Kf1 51. Bb4 Kf2 52. Bf8 Kxg3 53. Bxg7
Bg4 54. Bxg4 Nxg4 55. f5 Kf4 56. f6 Nxf6 57. Bxf6 Kf5 58. Bh4 Ke6 59. Kc5 Kd7
60. a6 Kc8 61. Bg3 h5 62. Kc6 h4 63. Bh2 h3 64. Bg3 1-0

[Event "Xtracon Chess Open 2017"]
[Site "Helsingor DEN"]
[Date "2017.07.23"]
[Round "2.82"]
[White "Hakansson, Stefan"]
[Black "Heimisson, Hilmir Freyr"]
[Result "1/2-1/2"]
[WhiteElo "1976"]
[BlackElo "2215"]
[WhiteFideId "1708198"]
[BlackFideId "2309998"]
[EventDate "2017.07.22"]

1. d4 Nf6 2. Nf3 e6 3. Bf4 c5 4. e3 b6 5. Bd3 Bb7 6. Nbd2 Be7 7. h3 d5 8. c3
Nbd7 9. Qb1 c4 10. Bc2 b5 11. O-O a5 12. Ne5 Nxe5 13. Bxe5 Bd6 14. f4 Qb6 15. e4
dxe4 16. Nxe4 Be7 17. Bxf6 gxf6 18. Nd2 e5 19. fxe5 fxe5 20. Nf3 Bxf3 21. Rxf3
exd4 22. cxd4 Qxd4+ 23. Kh1 Rd8 24. Bxh7 Bf6 25. Qf5 Qe5 26. Qxf6 Qxf6 27. Rxf6
Rxh7 28. Re1+ Kf8 29. Rf5 b4 30. Rxa5 Rd2 31. Rc5 Rh4 32. Rc1 b3 33. axb3 cxb3
34. Rb5 Rxb2 1/2-1/2

[Event "Xtracon Chess Open 2017"]
[Site "Helsingor DEN"]
[Date "2017.07.23"]
[Round "2.83"]
[White "Merkesvik, Sondre"]
[Black "Tandrup, Michael"]
[Result "1-0"]
[WhiteTitle "FM"]
[WhiteElo "2211"]
[BlackElo "1946"]
[WhiteFideId "1514350"]
[BlackFideId "1408356"]
[EventDate "2017.07.22"]

1. Nf3 Nf6 2. g3 b6 3. Bg2 Bb7 4. d4 g6 5. c4 Bg7 6. d5 d6 7. Nc3 O-O 8. O-O c5
9. e4 Re8 10. Re1 Na6 11. Bf4 Ng4 12. h3 Ne5 13. Nxe5 dxe5 14. Bg5 h6 15. Be3
Nc7 16. a3 Qd6 17. Qd2 Kh7 18. b4 cxb4 19. axb4 Na6 20. Reb1 Qc7 21. c5 bxc5 22.
bxc5 Red8 23. Bf1 Nb8 24. Qb2 Bc8 25. Nb5 1-0

[Event "Xtracon Chess Open 2017"]
[Site "Helsingor DEN"]
[Date "2017.07.23"]
[Round "2.84"]
[White "Greeuw, Sietske"]
[Black "Laustsen, Lars"]
[Result "1-0"]
[WhiteElo "1964"]
[BlackElo "2204"]
[WhiteFideId "1020285"]
[BlackFideId "1407554"]
[EventDate "2017.07.22"]

1. e4 c5 2. c3 Nf6 3. e5 Nd5 4. Nf3 Nc6 5. d4 cxd4 6. cxd4 d6 7. Bc4 e6 8. O-O
Be7 9. Qe2 O-O 10. Nc3 dxe5 11. dxe5 Nxc3 12. bxc3 b6 13. Rd1 Qc7 14. Qe4 Bb7
15. Bd3 g6 16. Bh6 Rfd8 17. Qf4 Bf8 18. Bg5 Ne7 19. Bf6 Qxc3 20. Ng5 Rd4 21. Qe3
Rad8 22. Qh3 h5 23. Qxh5 1-0

[Event "Xtracon Chess Open 2017"]
[Site "Helsingor DEN"]
[Date "2017.07.23"]
[Round "2.85"]
[White "Schmidt, Kristen"]
[Black "Huse, Sigurd Kjelsbol"]
[Result "1/2-1/2"]
[WhiteElo "2201"]
[BlackElo "1944"]
[WhiteFideId "1400436"]
[BlackFideId "1520717"]
[EventDate "2017.07.22"]

1. e4 e5 2. Bc4 Nf6 3. d3 c6 4. Nf3 d6 5. O-O Be7 6. Bb3 O-O 7. Re1 Bg4 8. h3
Bh5 9. Nbd2 Nbd7 10. c3 h6 11. Nf1 Nh7 12. Ng3 Bg6 13. d4 Qc7 14. Nh2 Kh8 15.
Nhf1 Bh4 16. Qg4 Bxg3 17. Nxg3 Rae8 18. dxe5 dxe5 19. Be3 Ndf6 20. Qf3 Rd8 21.
a4 b6 22. Rad1 Rxd1 23. Rxd1 Rd8 24. Re1 Rd7 25. Bc1 Qd8 26. Qe2 Ng5 27. f3 Ne6
28. Bxe6 fxe6 29. Kh2 Nh5 30. Nxh5 Bxh5 31. Be3 Kg8 32. Qc4 Rd6 33. Re2 Qd7 34.
a5 c5 35. b4 cxb4 36. cxb4 Qc6 37. Qb3 bxa5 38. bxa5 a6 39. Rc2 Qd7 40. Qb8+ Kh7
41. Rc7 Qd8 42. Qa7 Qf6 43. Rc2 Be8 44. Bf2 Ba4 45. Rb2 Bb5 46. Bg3 Rc6 47. h4
Qd8 48. Rf2 Qd4 49. Qb8 Rc5 50. Qb6 Rc6 51. Qb8 Rc5 52. Qb6 Rc6 1/2-1/2

[Event "Xtracon Chess Open 2017"]
[Site "Helsingor DEN"]
[Date "2017.07.23"]
[Round "2.86"]
[White "Rasmussen, Lars Garne"]
[Black "Bach, Matthias"]
[Result "0-1"]
[BlackTitle "FM"]
[WhiteElo "1961"]
[BlackElo "2200"]
[WhiteFideId "1406434"]
[BlackFideId "4603168"]
[EventDate "2017.07.22"]

1. e4 c5 2. Nf3 Nf6 3. Nc3 d5 4. exd5 Nxd5 5. Bb5+ Bd7 6. Ne5 Nf6 7. Qf3 Qc8 8.
Nxd7 Nbxd7 9. d3 e6 10. Bf4 a6 11. Bxd7+ Qxd7 12. O-O Be7 13. Rfe1 O-O 14. a4
Rac8 15. Be5 Ne8 16. Qe4 Bf6 17. Rad1 Bxe5 18. Qxe5 Qd4 19. Re4 Qxe5 20. Rxe5
Nd6 21. Ne4 Nxe4 22. Rxe4 Rfd8 23. c3 Rc6 24. Kf1 f5 25. Re5 Kf7 26. f4 Kf6 27.
h4 Rd5 28. Rxd5 exd5 29. d4 Ke6 30. dxc5 Rxc5 31. Rd4 Kd6 32. Ke2 Rc7 33. Kd2 b5
34. b3 Kc5 35. b4+ Kd6 36. a5 Re7 37. Rd3 Re4 38. Rd4 Ke6 39. g3 Rxd4+ 40. cxd4
Kf6 41. Ke2 Kg6 42. Kf2 Kh5 43. Kf3 h6 44. Kf2 Kg4 45. Kg2 h5 46. Kf2 Kh3 47.
Kf3 Kh2 48. Kf2 g6 49. Kf3 Kg1 0-1

[Event "Xtracon Chess Open 2017"]
[Site "Helsingor DEN"]
[Date "2017.07.23"]
[Round "2.87"]
[White "Quinones-Maletti, Julio Guillerm"]
[Black "Voll, Oddvar U"]
[Result "1-0"]
[WhiteElo "2200"]
[BlackElo "1942"]
[WhiteFideId "1462318"]
[BlackFideId "1533827"]
[EventDate "2017.07.22"]

1. e4 d5 2. exd5 Nf6 3. c4 c6 4. d4 cxd5 5. Nc3 e6 6. Nf3 Be7 7. cxd5 Nxd5 8.
Bd3 O-O 9. O-O Nc6 10. a3 a6 11. Re1 b5 12. Nxd5 Qxd5 13. Be4 Qd6 14. Qc2 Bb7
15. d5 exd5 16. Bxh7+ Kh8 17. Qf5 g6 18. Qh3 Bc8 19. Qh6 g5 20. Bg6+ 1-0

[Event "Xtracon Chess Open 2017"]
[Site "Helsingor DEN"]
[Date "2017.07.23"]
[Round "2.88"]
[White "Hjornevik, Knut J"]
[Black "Leutwyler, Martin"]
[Result "0-1"]
[WhiteElo "1952"]
[BlackElo "2198"]
[WhiteFideId "1505157"]
[BlackFideId "1301969"]
[EventDate "2017.07.22"]

1. e4 c6 2. d4 d5 3. Nc3 dxe4 4. Bc4 Nf6 5. f3 b5 6. Bb3 e6 7. a3 Qb6 8. Nxe4
Nbd7 9. Be3 Bb7 10. Nxf6+ Nxf6 11. Qd2 c5 12. dxc5 Bxc5 13. Bxc5 Qxc5 14. O-O-O
O-O 15. Nh3 a5 16. Qd4 Qc7 17. Qd6 Qc8 18. Nf4 Ra6 19. Qe5 Rb6 20. Rd6 Nd7 21.
Rxd7 Qxd7 22. Rd1 Qe7 23. Nh5 f6 24. Qe3 Rd6 25. Rxd6 Qxd6 26. Bxe6+ Kh8 27. Qa7
Qxe6 28. Qxb7 Qe1# 0-1

[Event "Xtracon Chess Open 2017"]
[Site "Helsingor DEN"]
[Date "2017.07.23"]
[Round "2.89"]
[White "Nilssen, Ellen Fredericia"]
[Black "Jorgensen, Dennis"]
[Result "1-0"]
[WhiteElo "1948"]
[BlackElo "2197"]
[WhiteFideId "1441230"]
[BlackFideId "1408380"]
[EventDate "2017.07.22"]

1. c4 c6 2. d4 d5 3. Nc3 Nf6 4. Nf3 a6 5. cxd5 cxd5 6. Bf4 Nc6 7. e3 Bg4 8. h3
Bxf3 9. Qxf3 e6 10. Be2 Bd6 11. Bg5 Be7 12. O-O O-O 13. Rfc1 Rc8 14. Bf1 Ne8 15.
Bxe7 Qxe7 16. Na4 Nd6 17. Nc5 Rc7 18. Qd1 Nb8 19. Rc2 Rfc8 20. Rac1 Rc6 21. Bd3
g6 22. Na4 Qd8 23. Rxc6 Nxc6 24. Qd2 Ne7 25. Rxc8 Qxc8 26. Qb4 Qc1+ 27. Kh2 Qc7
28. Kg1 Nef5 29. Qc5 Qd8 30. b3 Nh4 31. Kf1 Ndf5 32. g3 Nxg3+ 33. fxg3 Qf6+ 34.
Ke1 Ng2+ 35. Ke2 Qg5 36. Qc1 Qxg3 37. Nc5 b6 38. Nd7 Kg7 39. Ne5 h5 40. Bxg6
Qxh3 41. Bxf7 h4 42. Qg1 Qg3 43. Qf2 1-0

[Event "Xtracon Chess Open 2017"]
[Site "Helsingor DEN"]
[Date "2017.07.23"]
[Round "2.90"]
[White "Schroeder, Christoph"]
[Black "Bering, Anders"]
[Result "1-0"]
[WhiteElo "2196"]
[BlackElo "1940"]
[WhiteFideId "4605250"]
[BlackFideId "1405810"]
[EventDate "2017.07.22"]

1. e4 c5 2. Nf3 d6 3. d4 cxd4 4. Nxd4 Nf6 5. Nc3 g6 6. Be3 Bg7 7. f3 O-O 8. Qd2
Nc6 9. g4 Be6 10. Nxe6 fxe6 11. O-O-O Ne5 12. Be2 Rc8 13. h4 Qa5 14. h5 Nc4 15.
Bxc4 Rxc4 16. hxg6 hxg6 17. Bh6 Rfc8 18. Bxg7 Kxg7 19. Kb1 Rxc3 20. bxc3 Rc6 21.
c4 Qa3 22. c3 Rxc4 23. Rc1 e5 24. Rh2 Qc5 25. Qf2 Qc6 26. Qe3 a5 27. Rb2 b5 28.
Qa7 1-0

[Event "Xtracon Chess Open 2017"]
[Site "Helsingor DEN"]
[Date "2017.07.23"]
[Round "2.91"]
[White "Damianou, Ioannis"]
[Black "Andersen, Morten"]
[Result "0-1"]
[WhiteElo "1945"]
[BlackElo "2193"]
[WhiteFideId "5902355"]
[BlackFideId "1504908"]
[EventDate "2017.07.22"]

1. e4 c5 2. Nf3 Nc6 3. d4 cxd4 4. Nxd4 Nf6 5. Nc3 e5 6. Ndb5 d6 7. Nd5 Nxd5 8.
exd5 Nb8 9. a4 a6 10. Na3 Nd7 11. Be2 Be7 12. O-O O-O 13. c3 f5 14. Nc4 g5 15.
g3 f4 16. f3 Nf6 17. a5 Rb8 18. Bd3 h5 19. Bc2 Bh3 20. Re1 Qc8 21. Qd3 Rf7 22.
b4 Rg7 23. Kh1 g4 24. Nb6 Qf8 25. Bd2 h4 26. Qf5 hxg3 27. hxg3 fxg3 28. Bh6 g2+
29. Kg1 Qf7 30. Bxg7 Qxg7 31. f4 Rf8 32. Qg6 Bd8 33. Qxg7+ Kxg7 34. fxe5 dxe5
35. c4 Nh5 36. Bd3 Bh4 37. Rxe5 Bf2+ 38. Kh2 Bg3+ 39. Kg1 Bxe5 0-1

[Event "Xtracon Chess Open 2017"]
[Site "Helsingor DEN"]
[Date "2017.07.23"]
[Round "2.92"]
[White "Olsen, Filip Boe"]
[Black "Strachan, Christian C."]
[Result "1-0"]
[WhiteTitle "FM"]
[WhiteElo "2189"]
[BlackElo "1938"]
[WhiteFideId "1440640"]
[BlackFideId "1417215"]
[EventDate "2017.07.22"]

1. d4 d5 2. c4 c6 3. Nf3 Nf6 4. Nc3 a6 5. c5 Bf5 6. Bf4 Nbd7 7. e3 Ne4 8. Bd3 b5
9. Bxe4 Bxe4 10. Nxe4 dxe4 11. Nd2 Nf6 12. Qc2 Qd5 13. Be5 Rd8 14. Bxf6 gxf6 15.
Qxe4 e5 16. Qxd5 Rxd5 17. Nf3 Bg7 18. e4 Rd7 19. O-O-O O-O 20. dxe5 Re7 21. exf6
Bh6+ 22. Kb1 Rxe4 23. Rd4 Re6 24. Rd6 Bf4 25. Rxe6 fxe6 26. Nd4 Rxf6 27. Nxc6
Bc7 28. f3 Kf8 29. Nb4 a5 30. Na6 Be5 31. c6 Rf7 32. Rc1 1-0

[Event "Xtracon Chess Open 2017"]
[Site "Helsingor DEN"]
[Date "2017.07.23"]
[Round "2.93"]
[White "Dittrich, Tom"]
[Black "Moe, Mogens"]
[Result "0-1"]
[BlackTitle "FM"]
[WhiteElo "1943"]
[BlackElo "2188"]
[WhiteFideId "12923532"]
[BlackFideId "1400550"]
[EventDate "2017.07.22"]

1. e4 c5 2. Nf3 e6 3. d4 cxd4 4. Nxd4 Nc6 5. Nc3 Qc7 6. Be3 a6 7. Qf3 Nf6 8.
O-O-O b5 9. e5 Ng8 10. Nf5 Qxe5 11. g4 f6 12. Bf4 Qc5 13. Ne4 Qa7 14. Ned6+ Bxd6
15. Nxd6+ Kf8 16. g5 f5 17. Nxf5 exf5 18. Bd6+ Nge7 19. Qxf5+ Ke8 20. Re1 Rf8
21. Qe4 Rf7 22. Qxh7 Qd4 23. Qg6 Qxf2 24. Bc4 bxc4 25. Rhf1 Qxf1 0-1

[Event "Xtracon Chess Open 2017"]
[Site "Helsingor DEN"]
[Date "2017.07.23"]
[Round "2.94"]
[White "Grove, Peter"]
[Black "Degerfeldt, Sven"]
[Result "1/2-1/2"]
[WhiteElo "2182"]
[BlackElo "1935"]
[WhiteFideId "1411101"]
[BlackFideId "1717430"]
[EventDate "2017.07.22"]

1. e4 c5 2. Nf3 e6 3. d4 cxd4 4. Nxd4 a6 5. Bd3 Nf6 6. O-O d6 7. c4 Be7 8. Nc3
O-O 9. Be3 Qc7 10. Rc1 Nbd7 11. f4 b6 12. Bb1 Re8 13. b4 Bb7 14. f5 Bf8 15. Bg5
Rac8 16. Kh1 Qb8 17. a3 e5 18. Nde2 Rxc4 19. Ba2 Rcc8 20. Qb3 Re7 21. Ng3 b5 22.
Nh5 Qa8 23. Bxf6 Nxf6 24. Nxf6+ gxf6 25. Nd5 Bxd5 26. Qg3+ Bg7 27. Bxd5 Qb8 28.
Qb3 Rec7 29. Rxc7 Rxc7 30. g4 Bh6 31. Qh3 Bf4 32. Qh5 Qb6 33. g5 fxg5 34. f6 Qb8
35. h4 Qc8 36. hxg5 Qf8 37. Rg1 Rc1 38. Rxc1 Bxc1 39. Kg2 Kh8 40. Kh3 Qc8+ 41.
Kh4 Qc2 42. Qf3 Qh2+ 43. Kg4 Qg1+ 44. Qg3 Qxg3+ 45. Kxg3 Kg8 46. Bb7 Bxa3 47.
Bxa6 Bxb4 48. Bxb5 Bd2 49. Kg4 h6 50. gxh6 Bxh6 51. Kf5 Kf8 52. Bc4 1/2-1/2

[Event "Xtracon Chess Open 2017"]
[Site "Helsingor DEN"]
[Date "2017.07.23"]
[Round "2.95"]
[White "Easwaralingam, Adesh"]
[Black "Rolvag, Mikael"]
[Result "1/2-1/2"]
[WhiteElo "1941"]
[BlackElo "2182"]
[WhiteFideId "1448552"]
[BlackFideId "1500481"]
[EventDate "2017.07.22"]

1. e4 c6 2. d4 d5 3. Nc3 dxe4 4. Nxe4 Nf6 5. Ng3 Nbd7 6. Nf3 e6 7. Bd3 Be7 8.
O-O O-O 9. c3 c5 10. Bb1 b6 11. Qc2 Bb7 12. Ng5 g6 13. Rd1 Qc7 14. Qd2 Rad8 15.
h4 Rfe8 16. Qe2 cxd4 17. Rxd4 Bc5 18. Rf4 Bd6 19. Rd4 Bc5 20. Rf4 Bd6 21. Rd4
Bc5 1/2-1/2

[Event "Xtracon Chess Open 2017"]
[Site "Helsingor DEN"]
[Date "2017.07.23"]
[Round "2.96"]
[White "Petersen, Peter Birk"]
[Black "Ukkelberg, Oyvind"]
[Result "1-0"]
[WhiteElo "2179"]
[BlackElo "1933"]
[WhiteFideId "1401696"]
[BlackFideId "1507893"]
[EventDate "2017.07.22"]

1. e4 d5 2. exd5 c6 3. dxc6 Nxc6 4. Nf3 e5 5. Nc3 Nf6 6. d3 h6 7. Be2 Bd6 8. O-O
O-O 9. Ne4 Bc7 10. c3 Nd5 11. Re1 f5 12. Ng3 Be6 13. Qc2 Qf6 14. Bf1 Rae8 15. a3
g5 16. b4 Bf7 17. Bb2 Nf4 18. b5 Na5 19. c4 b6 20. d4 e4 21. Ne5 Bxe5 22. dxe5
Qe6 23. Qc3 Rc8 24. Nxf5 Nxc4 25. Ng3 Rfd8 26. Nxe4 Bg6 27. Qb3 Bxe4 28. Rxe4
Nxb2 29. Qxb2 Qg4 30. Rc1 Rc5 31. e6 Rf5 32. e7 Re8 33. f3 Qh5 34. g4 1-0

[Event "Xtracon Chess Open 2017"]
[Site "Helsingor DEN"]
[Date "2017.07.23"]
[Round "2.97"]
[White "Smeby, Ole"]
[Black "Palozza, Christian"]
[Result "0-1"]
[WhiteElo "1938"]
[BlackElo "2178"]
[WhiteFideId "1503677"]
[BlackFideId "895580"]
[EventDate "2017.07.22"]

1. d4 e6 2. c4 d5 3. e3 c6 4. Nf3 f5 5. Bd3 Nf6 6. Nbd2 Bd6 7. Ne5 Bxe5 8. dxe5
Ng4 9. f4 Nxe3 10. Qe2 Ng4 11. O-O O-O 12. Nf3 Nd7 13. h3 Nh6 14. Be3 Qe7 15.
cxd5 exd5 16. Rac1 Re8 17. Qc2 g6 18. Kh2 Nf8 19. Bc5 Qd8 20. b4 Ne6 21. Be3 Nf7
22. g4 Ng7 23. Rg1 Nh6 24. Ng5 d4 25. Qc4+ Be6 26. Nxe6 Nxe6 27. Bd2 fxg4 28. f5
Nxf5 29. Rxg4 Ng7 30. Be4 Qc7 31. Bf4 Rf8 32. Bg3 Rae8 33. b5 c5 34. Qd5 b6 35.
Qd6 Qxd6 36. exd6 Nf5 37. d7 Re7 38. Bd5 Ne3 39. Bc6 Nxg4+ 40. hxg4 Nd8 41. Re1
Rxe1 42. Bxe1 Kf7 43. Kg2 Ke6 44. Bg3 d3 45. Be1 Nxc6 46. bxc6 Kd6 0-1

[Event "Xtracon Chess Open 2017"]
[Site "Helsingor DEN"]
[Date "2017.07.23"]
[Round "2.98"]
[White "Hartung-Nielsen, Jens"]
[Black "Kvaloy, Aksel Bu"]
[Result "1-0"]
[WhiteElo "2175"]
[BlackElo "1818"]
[WhiteFideId "1400690"]
[BlackFideId "1528815"]
[EventDate "2017.07.22"]

1. d4 Nf6 2. Nf3 g6 3. c4 Bg7 4. Nc3 O-O 5. e4 d6 6. Be2 Nbd7 7. e5 dxe5 8. dxe5
Ng4 9. e6 fxe6 10. O-O Nc5 11. Bg5 Qxd1 12. Raxd1 Bxc3 13. bxc3 Ne4 14. Bxe7
Nxc3 15. Rd2 Rf7 16. Bb4 Ne4 17. Rd8+ Kg7 18. h3 c5 19. Ba3 Ngf6 20. Ne5 Rc7 21.
Bb2 b6 22. Bf3 Bb7 23. Rxa8 Bxa8 24. Ng4 Kf7 25. Nxf6 Nxf6 26. Bxa8 Rd7 27. Bc3
Rd3 28. Rc1 a6 29. Bf3 e5 30. Bxe5 Rd2 31. a4 Ra2 32. Bc6 Ne8 33. Rb1 Ke6 34.
Bxe8 Kxe5 35. Rxb6 Kd4 36. Rxa6 Kxc4 37. Bf7+ 1-0

[Event "Xtracon Chess Open 2017"]
[Site "Helsingor DEN"]
[Date "2017.07.23"]
[Round "2.99"]
[White "Basson, Heinrich"]
[Black "Vestby-Ellingsen, Mads"]
[Result "0-1"]
[WhiteElo "1937"]
[BlackElo "2175"]
[WhiteFideId "14301440"]
[BlackFideId "1520857"]
[EventDate "2017.07.22"]

1. Nf3 Nf6 2. d4 e6 3. c4 b6 4. g3 Bb7 5. Bg2 Be7 6. Nc3 Ne4 7. Qc2 Nxc3 8. Qxc3
O-O 9. O-O c5 10. Bf4 d6 11. Be3 Nd7 12. Rfd1 Qc7 13. Rac1 Bf6 14. Qd2 Rad8 15.
Bg5 h6 16. Be3 Rfe8 17. Qc2 Nf8 18. a3 Ng6 19. b4 cxd4 20. Bxd4 Bxd4 21. Nxd4
Bxg2 22. Kxg2 a6 23. Qa4 Qb7+ 24. Qc6 Qa7 25. Nf3 Ne7 26. Qe4 d5 27. cxd5 Nxd5
28. Nd4 Qb7 29. Kg1 Rd7 30. Nf3 Rc8 31. Rxc8+ Qxc8 32. Qd4 Rc7 33. Kg2 Rc4 34.
Qe5 Rc1 35. Rxc1 Qxc1 36. Qb8+ Kh7 37. Qf8 Qc2 38. Kf1 Qd1+ 39. Kg2 Qxe2 40. Nh4
Ne3+ 0-1